000 01245cad a22002175a 4500
001 L149533
008 100316s20100309xxk f 000 0 eng d
020 _a9781409823261
035 _a(Sirsi) u149533
041 0 _aeng
050 0 4 _a333.72 $2 19
110 2 _aUnited Kingdom
_bDepartment for Communities and Local Government
_94939
245 0 0 _aConsultation on a Planning Policy Statement
_bplanning for a low carbon future in a changing climate
_h[electronic resource]
260 _aLondon
_bDCLG
_c2010
520 _aA consultation on planning policy for climate change and renewable energy is seeking contributions for its development. It aims to consolidate "Planning Policy Statement: Planning and Climate change", 2007 (L141762) and "Planning Policy Statement 22: Renewal Energy" 2004 (L136347) into a revised supplement to "Planning Policy Statement 1: delivering sustainable development". E-consultation closes 1 June 2010.
590 _aKA NTK
651 4 _aENGLAND AND WALES
690 _aENVIRONMENTAL AND LAND CONSULTANCY-SUSTAINABILITY-SUSTAINABLE DEVELOPMENT
856 4 8 _uhttps://www.communities.gov.uk/documents/planningandbuilding/pdf/1499780.pdf
_zView this item free of charge at www.communities.gov.uk
942 _n0
999 _c110526
_d110526